ՀՀ Գիտությունների ազգային ակադեմիայի հիմնարար գիտական գրադարան  =   Fundamental Scientific Library of NAS RA

Հայկական տարազ XVIII-XIX դարեր : (Record no. 344236)

MARC details
000 -LEADER
fixed length control field 01159nam a2200253 a 4500
001 - CONTROL NUMBER
control field 001057831
003 - CONTROL NUMBER IDENTIFIER
control field AM-YeHGA
005 - DATE AND TIME OF LATEST TRANSACTION
control field 20250617151101.0
008 - FIXED-LENGTH DATA ELEMENTS--GENERAL INFORMATION
fixed length control field 150205s2014 ai r 000 0 arm d
020 ## - INTERNATIONAL STANDARD BOOK NUMBER
International Standard Book Number 9789939100401
040 ## - CATALOGING SOURCE
Original cataloging agency AM-YeHGA
041 0# - LANGUAGE CODE
Language code of text/sound track or separate title arm
041 1# - LANGUAGE CODE
Language code of text/sound track or separate title eng
090 ## - LOCALLY ASSIGNED LC-TYPE CALL NUMBER (OCLC); LOCAL CALL NUMBER (RLIN)
-- 346034
245 00 - TITLE STATEMENT
Title Հայկական տարազ XVIII-XIX դարեր :
Remainder of title Ալբոմ-կատալոգ։ Հայաստանի պատմության թանգարանի հավաքածուից /
Statement of responsibility, etc. Խմբ.՝ Ա. Գրիգորյան, Ի. Մկրտչյան ; Հայաստանի պատմության թանգարան.
246 15 - VARYING FORM OF TITLE
Title proper/short title Armenian costume, 18th -19th centuries :
Remainder of title Album-catalogue from collections of the history museum of Armenia
260 ## - PUBLICATION, DISTRIBUTION, ETC.
Place of publication, distribution, etc. Երևան :
Name of publisher, distributor, etc. Հայաստանի պատմության թանգարան,
Date of publication, distribution, etc. 2014.
300 ## - PHYSICAL DESCRIPTION
Extent 162 էջ.
650 14 - SUBJECT ADDED ENTRY--TOPICAL TERM
Topical term or geographic name entry element Հայկական տարազ
650 14 - SUBJECT ADDED ENTRY--TOPICAL TERM
Topical term or geographic name entry element Հայ ազգագրություն
General subdivision Հայկական տարազ
700 1# - ADDED ENTRY--PERSONAL NAME
Personal name Գրիգորյան, Անելկա
Relator term խմբ.
Relationship edt
700 1# - ADDED ENTRY--PERSONAL NAME
Personal name Մկրտչյան, Իվետա
Relator term խմբ.
Relationship edt
710 2# - ADDED ENTRY--CORPORATE NAME
Corporate name or jurisdiction name as entry element Հայաստանի պատմության թանգարան
Holdings
Withdrawn status Lost status Source of classification or shelving scheme Damaged status Not for loan Collection Home library Current library Date acquired Cost, normal purchase price Total checkouts Full call number Barcode Date last seen Copy number Price effective from Koha item type Public note
    Universal Decimal Classification     Reading Hall Fundamental Scientific Library Fundamental Scientific Library 09/01/2017 6400.00   AIII/8562 FL0401889 09/01/2017 RH1-16/2/24 09/01/2017 Գրքեր / Books ILL Non-Circ.


ՀՀ ԳԱԱ հիմնարար գիտական գրադարան
ՀՀ,Երևան 0019
Մարշալ Բաղրամյան 24/6
հեռախոս:(374-10) 52-47-50
Հետադարձ կապ

All site content, except where otherwise noted, is licensed under a
Creative Commons License